|
|
|
|
| LEADER |
00797nam a22002177a 4500 |
| 001 |
39094 |
| 003 |
BD-DhAAL |
| 008 |
220704t1982 xxua|||| |||| 001 0 eng d |
| 999 |
|
|
|c 44526
|d 44526
|
| 020 |
|
|
|a 0852293941
|
| 040 |
|
|
|a BD-DhAAL
|c BD-DhAAL
|
| 082 |
|
|
|a 031
|
| 245 |
|
|
|a 1982 :
|b Britannica book of the year.
|
| 260 |
|
|
|a Chicago :
|b Encyclopaedia Britannica,
|c 1982.
|
| 300 |
|
|
|a 766 pages :
|b illustrations ;
|c 29 cm.
|
| 500 |
|
|
|a Includes index.
|
| 541 |
|
|
|a Donated By Akbar Ali Khan
|e 39094
|
| 650 |
|
|
|a Encyclopedias and dictionaries.
|9 49846
|
| 852 |
|
|
|a Ayesha Abed Library
|c Akbar Ali Khan Collection
|
| 942 |
|
|
|2 ddc
|c BK
|
| 952 |
|
|
|0 0
|1 0
|2 ddc
|4 0
|6 031_000000000000000_NEW
|7 1
|9 71180
|a BRACUL
|b BRACUL
|c CS1
|d 2022-07-04
|e Donated by Akbar Ali Khan
|l 0
|o 031 NEW
|p 3010039094
|r 2022-07-04
|t 1
|w 2022-07-04
|y BK
|